000 00490cam a22001817 4500
001 ltf91008831
003 DLC
005 20260227111551.0
008 910205s1924 gw 000 0 ger
010 _altf91008831
040 _aDLC
_cDLC
_dDLC
050 0 0 _a4HC 261
100 1 _aReichwein, Adolf,
_d1898-1944.
245 1 4 _aDie Rohstoffe der Erde im Bereich der Wirtschaft.
250 _a2. Aufl.
260 _aJena,
_bVerlag der Frommannschen Buchhandling,
_c1924.
300 _a100 p.
999 _c37459
_d37459